Normal view
MARC view
Entry Personal Name
001 - CONTROL NUMBER
- control field: 1235075
003 - CONTROL NUMBER IDENTIFIER
- control field: OSt
005 - DATE AND TIME OF LATEST TRANSACTION
- control field: 20260417172956.0
008 - FIXED-LENGTH DATA ELEMENTS
- fixed length control field: 260417|| aca||aabn | a|a d
040 ## - CATALOGING SOURCE
- Original cataloging agency: OSt
- Transcribing agency: OSt
100 ## - HEADING--PERSONAL NAME
- Personal name: Bhatia B. M
670 ## - SOURCE DATA FOUND
- Source citation: Work cat.: (OSt)854981: Bhatia B. M., Famines in India and their effect onadministration and economic policy (1860-1908), 1959
